|
|
|
|
| LEADER |
01098cam a2200241 7i4500 |
| 001 |
0000035139 |
| 005 |
20180806090000.0 |
| 007 |
##ta |
| 008 |
180806s2018 mau eng |
| 040 |
# |
# |
|a MATR
|
| 090 |
0 |
0 |
|a M 381.1025
|b MAL
|
| 245 |
0 |
0 |
|a MIFB ' 2018 ' The 19th Malaysian International Food & Beverages Trade Fair ( 27 - 29 June 2018 :
|b Kuala Lumpur Convention Centre Malaysia [ KLCC ], Kuala Lumpur ) show directory.
|
| 264 |
# |
1 |
|a Kuala Lumpur:
|b Malaysia International Food & Beverages (MIFB),
|c 2018.
|
| 300 |
# |
# |
|a 165 pages:
|b color photographs;
|c 21 cm.
|
| 336 |
# |
# |
|a text
|2 rdacontent
|
| 337 |
# |
# |
|a unmediated
|2 rdamedia
|
| 338 |
# |
# |
|a volume
|2 rdacarrier
|
| 650 |
# |
0 |
|a Food --
|x Exhibitions --
|x Directories --
|z Malaysia
|
| 650 |
# |
0 |
|a Agriculture --
|x Exhibitions --
|x Directories --
|z Malaysia
|
| 650 |
# |
0 |
|a Beverage --
|x Exhibitions --
|x Directories --
|z Malaysia
|
| 650 |
# |
0 |
|a Exhibitions --
|x Directories --
|y 2018 --
|z Malaysia
|
| 999 |
|
|
|a 0000040310
|b Directories
|c Malaysia
|e Business Information Centre
|
| 999 |
|
|
|a 0000040309
|b Directories
|c Malaysia
|e Business Information Centre
|